[Event "zonal 2.5"]
[Site "Santiago de Chile CHI"]
[Date "1995.??.??"]
[Round "6"]
[White "Arancibia Guzman, Eduardo"]
[Black "Sanchez Almeyra, Jorge"]
[Result "1/2-1/2"]
[WhiteElo "2320"]
[BlackElo "2430"]
[EventDate "1995.??.??"]
[PlyCount "80"]

1.e4 c5 2.Nf3 e6 3.d4 cxd4 4.Nxd4 Nf6 5.Nc3 d6 6.g4 Nc6 7.g5 Nd7 8.Be3 Nb6
9.a4 Na5 10.Ndb5 a6 11.Qd4 axb5 12.Qxb6 Qxb6 13.Bxb6 Nc4 14.Bxc4 bxc4 15.
Nb5 Kd7 16.a5 h6 17.O-O-O hxg5 18.Nxd6 Bxd6 19.e5 Ke7 20.Rxd6 Bd7 21.Rd4 
Bc6 22.Rg1 Rxh2 23.Rxc4 f6 24.b4 Kf7 25.Rc5 Kg6 26.c4 Be4 27.Rc7 Rh3 28.
Kb2 Kf5 29.Rxg7 Kxe5 30.Re1 Rc8 31.Rc7 Rxc7 32.Bxc7+ Kf5 33.b5 e5 34.c5 
Rd3 35.Rc1 Rd7 36.Bb6 Rd2+ 37.Ka3 Rd3+ 38.Kb4 Rd4+ 39.Rc4 Ke6 40.Rxd4 exd4
1/2-1/2

[Event "zonal 2.5"]
[Site "Santiago de Chile CHI"]
[Date "1995.??.??"]
[Round "6"]
[White "Cortes Moyano, Julio"]
[Black "Bauza Ortiz, Alejandro"]
[Result "1/2-1/2"]
[WhiteElo "2345"]
[BlackElo "2265"]
[EventDate "1995.??.??"]
[PlyCount "119"]

1.e4 c6 2.d4 d5 3.Nd2 dxe4 4.Nxe4 Nf6 5.Nxf6+ exf6 6.c3 Bd6 7.Bd3 O-O 8.
Ne2 Re8 9.Qc2 Kh8 10.Be3 Nd7 11.O-O-O Nf8 12.Kb1 Qc7 13.h3 Be6 14.c4 Rad8 
15.Rhe1 a6 16.Nc3 Bf4 17.Bxf4 Qxf4 18.d5 cxd5 19.Nxd5 Bxd5 20.Rxe8 Rxe8 
21.cxd5 Qd6 22.Qb3 Re7 23.a3 g6 24.Bc4 Kg7 25.g3 Rc7 26.Qd3 Nd7 27.Qd4 Nb6
28.Bb3 Nc8 29.h4 h5 30.Re1 Re7 31.Rc1 Rc7 32.Rd1 Ne7 33.Bc2 Nc8 34.Be4 Nb6
35.Bf3 Rc4 36.Qd3 Rc7 37.Re1 Nc4 38.Qd4 Ne5 39.Be2 Nd7 40.Rd1 Nb6 41.Bf1 
Rc5 42.Bg2 Rc4 43.Qd3 Rc7 44.Rd2 Nc4 45.Rc2 b5 46.Qd4 Re7 47.Bf1 Re1+ 48.
Rc1 Re4 49.Qc3 Qc5 50.Bd3 Re5 51.Ka2 Qxd5 52.Bxc4 bxc4 53.Rc2 a5 54.Rc1 a4
55.Kb1 Re4 56.Qc2 Qc6 57.Ka2 Rd4 58.Rd1 Rxd1 59.Qxd1 Qb5 60.Qd4 1/2-1/2

[Event "zonal 2.5"]
[Site "Santiago de Chile CHI"]
[Date "1995.??.??"]
[Round "6"]
[White "Izquierdo Saravia, Daniel"]
[Black "Godoy Bugueno, David"]
[Result "1-0"]
[WhiteElo "2320"]
[BlackElo "2355"]
[EventDate "1995.??.??"]
[PlyCount "65"]

1.d4 Nf6 2.Nf3 d6 3.c4 Nbd7 4.Nc3 c6 5.e4 e5 6.Be2 Be7 7.O-O O-O 8.Re1 a6 
9.Bf1 Qc7 10.h3 b5 11.d5 cxd5 12.cxd5 Nb6 13.a3 Bd7 14.Bg5 Rfc8 15.Rc1 Qb8
16.b3 Bd8 17.Bd2 Be8 18.Nh2 Nbd7 19.b4 Nb6 20.Nb1 Rxc1 21.Bxc1 Qb7 22.Re3 
Rc8 23.Bd3 Na4 24.Nf1 Bb6 25.Rg3 Qa7 26.Be3 Bxe3 27.Nxe3 Bd7 28.Qf3 Rc1+ 
29.Kh2 Kf8 30.Nf5 Ne8 31.Nxg7 Nb2 32.Nxe8 Bxe8 33.Qf6 1-0

[Event "zonal 2.5"]
[Site "Santiago de Chile CHI"]
[Date "1995.??.??"]
[Round "6"]
[White "Navarro, Nelson"]
[Black "Morovic Fernandez, Ivan"]
[Result "1/2-1/2"]
[WhiteElo "2270"]
[BlackElo "2575"]
[EventDate "1995.??.??"]
[PlyCount "61"]

1.Nf3 Nf6 2.d4 g6 3.Bg5 Bg7 4.Nbd2 O-O 5.c3 d6 6.e4 c5 7.dxc5 dxc5 8.Be2 
Nc6 9.O-O Qc7 10.Qc2 b6 11.h3 Nh5 12.Rfe1 Nf4 13.Bf1 h6 14.Bxf4 Qxf4 15.g3
Qc7 16.Nc4 Rb8 17.Ne3 e6 18.Nh2 g5 19.Nf3 Bb7 20.h4 Ne5 21.Nxe5 Qxe5 22.
Ng4 Qc7 23.hxg5 hxg5 24.Bg2 f6 25.Rad1 Rbd8 26.Qe2 Qc6 27.Ne3 Qc7 28.Ng4 
Rxd1 29.Rxd1 Bc8 30.Qd2 Qe7 31.Ne3 1/2-1/2

[Event "zonal 2.5"]
[Site "Santiago de Chile CHI"]
[Date "1995.??.??"]
[Round "6"]
[White "Quiroga, Facundo"]
[Black "Peralta, Eduardo"]
[Result "1-0"]
[WhiteElo "2440"]
[BlackElo "2275"]
[EventDate "1995.??.??"]
[PlyCount "117"]

1.d4 Nf6 2.c4 c5 3.d5 e5 4.Nc3 d6 5.e4 Be7 6.h3 h5 7.h4 Nbd7 8.g3 a6 9.a4 
Rb8 10.Nh3 Nf8 11.Ng5 N8h7 12.Nxh7 Rxh7 13.Bg2 g6 14.Bg5 Ng4 15.Bxe7 Qxe7 
16.Qd2 Bd7 17.f3 Nf6 18.O-O Kf8 19.Rf2 Kg8 20.Qg5 Qd8 21.a5 Rg7 22.Ra3 Ne8
23.Qxd8 Rxd8 24.Rb3 Bc8 25.Na4 f6 26.Nb6 Re7 27.Bf1 Kg7 28.Bd3 Nc7 29.Kh2 
Ne8 30.Bc2 Nc7 31.Re3 Bd7 32.Re1 Be8 33.f4 Na8 34.Ref1 Nxb6 35.axb6 Bd7 
36.fxe5 fxe5 37.Bd1 a5 38.g4 hxg4 39.Kg3 a4 40.Bxg4 Be8 41.Be6 Ra8 42.Kg4 
a3 43.b3 Bd7 44.Kg5 Bxe6 45.dxe6 a2 46.Ra1 Rxe6 47.Raxa2 Rh8 48.Rf3 Rh5+ 
49.Kg4 Rh8 50.Raf2 Re7 51.Rf6 Rd7 52.Re6 Ra8 53.Kg5 Ra1 54.Rxg6+ Kh7 55.
Rh6+ Kg7 56.Rg2 Rf7 57.Kh5+ Kf8 58.Rh8+ Ke7 59.Rb8 1-0

[Event "zonal 2.5"]
[Site "Santiago de Chile CHI"]
[Date "1995.??.??"]
[Round "6"]
[White "Soppe, Guillermo"]
[Black "Valiente, Cristobal"]
[Result "1-0"]
[WhiteElo "2445"]
[BlackElo "2335"]
[EventDate "1995.??.??"]
[PlyCount "89"]

1.Nf3 c5 2.e4 Nc6 3.d3 g6 4.Be3 Bg7 5.c3 d6 6.Nbd2 Nf6 7.Be2 O-O 8.h3 e5 
9.a3 a5 10.a4 h6 11.Nc4 Be6 12.Nfd2 b6 13.Bg4 d5 14.exd5 Bxd5 15.Bf3 Re8 
16.O-O Rb8 17.Re1 Bxf3 18.Nxf3 Qd5 19.Qb3 Qxd3 20.Rad1 Qf5 21.Qb5 Na7 22.
Qa6 Re7 23.Nxb6 e4 24.Nd2 Qe6 25.Ndc4 Nc8 26.Bxc5 Nxb6 27.Nxb6 Rd7 28.Qb5 
Rdb7 29.Rd6 Qf5 30.Be3 Ne8 31.Rc6 Qxb5 32.axb5 Nc7 33.Nd7 Rd8 34.Nc5 Rxb5 
35.Rxc7 Rxb2 36.Na4 Ra2 37.Rc4 f5 38.g3 g5 39.Nc5 Rc8 40.Ra4 Rxa4 41.Nxa4 
Rc4 42.Ra1 Be5 43.Nb6 Rc6 44.Rxa5 Bc7 45.Rc5 1-0

[Event "zonal 2.5"]
[Site "Santiago de Chile CHI"]
[Date "1995.??.??"]
[Round "6"]
[White "Valerga, Diego"]
[Black "Bianchi, Guillermo"]
[Result "1/2-1/2"]
[WhiteElo "2465"]
[BlackElo "2425"]
[EventDate "1995.??.??"]
[PlyCount "40"]

1.d4 f5 2.g3 Nf6 3.Bg2 e6 4.Nf3 Be7 5.O-O O-O 6.c4 d6 7.b3 Qe8 8.Bb2 Qh5 
9.Nbd2 g5 10.e3 Nbd7 11.Ne1 Qh6 12.f3 e5 13.Qe2 Re8 14.Nd3 Bf8 15.d5 g4 
16.f4 e4 17.Nf2 c6 18.dxc6 bxc6 19.Rfd1 Qg6 20.b4 a5 1/2-1/2

[Event "zonal 2.5"]
[Site "Santiago de Chile CHI"]
[Date "1995.??.??"]
[Round "7"]
[White "Bauza Ortiz, Alejandro"]
[Black "Arancibia Guzman, Eduardo"]
[Result "1/2-1/2"]
[WhiteElo "2265"]
[BlackElo "2320"]
[EventDate "1995.??.??"]
[PlyCount "234"]

1.Nf3 Nf6 2.g3 g6 3.Bg2 d6 4.d4 Bg7 5.O-O O-O 6.b3 e5 7.dxe5 dxe5 8.Ba3 
Qxd1 9.Rxd1 Re8 10.Nc3 e4 11.Nd4 c6 12.e3 Na6 13.Rd2 Nc7 14.h3 h5 15.Rad1 
Ne6 16.Nxe6 Bxe6 17.Ne2 a5 18.Bb2 a4 19.Rd6 axb3 20.axb3 Ra2 21.Bxf6 Bxf6 
22.Nf4 Be7 23.Rxe6 fxe6 24.Bxe4 g5 25.Nxe6 Kf7 26.Bf5 Bf6 27.Nd4 Rd8 28.
Bd3 c5 29.Nb5 Ke7 30.Rb1 Ra1 31.Rxa1 Bxa1 32.Kf1 Bg7 33.Ke2 Ra8 34.Nc7 Ra1
35.Bg6 h4 36.gxh4 gxh4 37.Be4 Kd7 38.Nd5 b5 39.Nf4 Kd6 40.Bd3 Be5 41.Ng6 
Rc1 42.Nxh4 Rh1 43.Bxb5 Rxh3 44.Nf3 Bf6 45.Nd2 Be7 46.Bd3 Ke6 47.Kf1 Rh8 
48.Ne4 Rh2 49.Kg1 Rh8 50.Bc4+ Ke5 51.Ng3 Bg5 52.f4+ Bxf4 53.exf4+ Kxf4 54.
Kg2 Rh7 55.Nf1 Ke5 56.Kf3 Kd4 57.Ng3 Rh3 58.Be6 Rh2 59.Ne2+ Ke5 60.Bc4 
Rh3+ 61.Kg2 Rh8 62.Kf2 Rh3 63.Bd3 Rh1 64.Ke3 Rh2 65.Kd2 Kd5 66.Kc3 Rh4 67.
Kb2 Ke5 68.Ka3 Kd5 69.Nc3+ Kd4 70.Na4 Kd5 71.Nb6+ Kc6 72.Nc4 Rh8 73.Be4+ 
Kb5 74.Kb2 Rh3 75.Bf5 Rf3 76.Bd3 Rf4 77.Kc3 Kc6 78.Ne3 Kd6 79.Nc4+ Kc6 80.
Nb2 Rh4 81.Bc4 Rh3+ 82.Nd3 Rg3 83.Be6 Kd6 84.Bf5 Rg5 85.Bc8 Rg8 86.Bb7 Rg4
87.Nf2 Rg3+ 88.Kc4 Kc7 89.Be4 Kb6 90.Bd5 Rg5 91.Ne4 Rg4 92.Kd3 Rh4 93.c3 
Rh3+ 94.Kc4 Rh4 95.Ba8 Rh8 96.Bd5 Rh4 97.b4 cxb4 98.Kxb4 Rh1 99.c4 Rb1+ 
100.Kc3 Rd1 101.Nd2 Rc1+ 102.Kb4 Rc2 103.Nb3 Rb2 104.c5+ Kc7 105.Kc3 Rh2 
106.Nd4 Rh5 107.Nb5+ Kc8 108.Kd4 Rh2 109.c6 Rc2 110.Ke5 Rc5 111.Kd6 Rc1 
112.Bb3 Kd8 113.Nd4 Rc3 114.c7+ Kc8 115.Be6+ Kb7 116.Bd5+ Kc8 117.Nb5 Rc6+
1/2-1/2

[Event "zonal 2.5"]
[Site "Santiago de Chile CHI"]
[Date "1995.??.??"]
[Round "7"]
[White "Bianchi, Guillermo"]
[Black "Quiroga, Facundo"]
[Result "1-0"]
[WhiteElo "2425"]
[BlackElo "2440"]
[EventDate "1995.??.??"]
[PlyCount "133"]

1.e4 c5 2.Nf3 d6 3.c3 Nf6 4.Bc4 e6 5.Qe2 Be7 6.O-O O-O 7.Bb3 b6 8.Rd1 Ba6 
9.Qe3 Ng4 10.Qf4 Ne5 11.d4 Nd3 12.Qe3 Nxc1 13.Rxc1 Nd7 14.Nbd2 Qc7 15.Nf1 
c4 16.Bc2 e5 17.b4 cxb3 18.axb3 Bb7 19.Bd3 a6 20.Qe2 b5 21.Ne3 Rfc8 22.Rc2
Bf8 23.d5 Nc5 24.Nd2 g6 25.b4 Nxd3 26.Qxd3 Bh6 27.Nb3 Qb6 28.Nd1 Rc7 29.h3
Bc8 30.Kh2 f5 31.f3 Bg5 32.Na5 h5 33.Raa2 f4 34.Qd2 Bh4 35.c4 Bg3+ 36.Kh1 
bxc4 37.Nc6 Rh7 38.Rxc4 g5 39.Qc1 Bd7 40.Nc3 g4 41.Qg1 Qxg1+ 42.Kxg1 gxf3 
43.gxf3 Bxh3 44.b5 Rg7 45.b6 Be1+ 46.Kh2 Bf1 47.Rb4 Bxc3 48.b7 Rf8 49.b8=Q
Rxb8 50.Rxb8+ Kh7 51.Rf2 Bb5 52.Rg2 Rc7 53.Nd8 Be1 54.Rb7 Bg3+ 55.Kg1 Rxb7
56.Nxb7 Ba4 57.Ra2 Bd1 58.Kg2 h4 59.Ra3 Kg6 60.Nxd6 Be2 61.Nf5 Kf6 62.Ra1 
Bb5 63.Rc1 Bd7 64.Rc7 Bxf5 65.Rc6+ Kg5 66.exf5 Kxf5 67.Rxa6 1-0

[Event "zonal 2.5"]
[Site "Santiago de Chile CHI"]
[Date "1995.??.??"]
[Round "7"]
[White "Godoy Bugueno, David"]
[Black "Cortes Moyano, Julio"]
[Result "1/2-1/2"]
[WhiteElo "2355"]
[BlackElo "2345"]
[EventDate "1995.??.??"]
[PlyCount "49"]

1.Nf3 g6 2.e4 Bg7 3.d3 d6 4.c3 e5 5.d4 Nc6 6.Bc4 Qe7 7.O-O Nf6 8.Re1 O-O 
9.h3 a6 10.a4 Kh8 11.Bg5 h6 12.Bh4 Qe8 13.dxe5 dxe5 14.Bg3 Be6 15.Nbd2 Rd8
16.Qc2 Nd7 17.a5 f6 18.b4 Qf7 19.Qa2 Bxc4 20.Qxc4 Qxc4 21.Nxc4 Ne7 22.Nfd2
c5 23.Rab1 cxb4 24.cxb4 b5 25.axb6 1/2-1/2

[Event "zonal 2.5"]
[Site "Santiago de Chile CHI"]
[Date "1995.??.??"]
[Round "7"]
[White "Morovic Fernandez, Ivan"]
[Black "Valerga, Diego"]
[Result "1-0"]
[WhiteElo "2575"]
[BlackElo "2465"]
[EventDate "1995.??.??"]
[PlyCount "99"]

1.e4 c5 2.Nf3 e6 3.d4 cxd4 4.Nxd4 Nf6 5.Nc3 d6 6.g4 h6 7.h4 Nc6 8.Rg1 d5 
9.Bb5 Bd7 10.exd5 Nxd5 11.Nxd5 exd5 12.Qe2+ Qe7 13.Be3 Nxd4 14.Bxd7+ Kxd7 
15.Bxd4 Qxe2+ 16.Kxe2 Rg8 17.Kd3 g5 18.hxg5 Rxg5 19.f4 Rg8 20.Rae1 Bd6 21.
f5 b6 22.c3 Rae8 23.Re3 Bf4 24.Rxe8 Rxe8 25.a4 Kc6 26.b4 Re4 27.b5+ Kd7 
28.Rg2 Be5 29.Bxe5 Rxe5 30.Rh2 Re4 31.Rxh6 Rxa4 32.Rh7 Rxg4 33.Rxf7+ Kd6 
34.Rxa7 Rg3+ 35.Kd4 Rg4+ 36.Ke3 Rg3+ 37.Kf4 Rxc3 38.f6 Rc1 39.f7 Rf1+ 40.
Kg5 d4 41.Kg6 d3 42.Ra8 Kc5 43.f8=Q+ Rxf8 44.Rxf8 Kxb5 45.Kf5 Kc4 46.Ke4 
d2 47.Rd8 Kc3 48.Ke3 b5 49.Rc8+ Kb2 50.Kxd2 1-0

[Event "zonal 2.5"]
[Site "Santiago de Chile CHI"]
[Date "1995.??.??"]
[Round "7"]
[White "Peralta, Eduardo"]
[Black "Soppe, Guillermo"]
[Result "1/2-1/2"]
[WhiteElo "2275"]
[BlackElo "2445"]
[EventDate "1995.??.??"]
[PlyCount "78"]

1.Nf3 d5 2.d4 Nf6 3.e3 c6 4.Bd3 Bg4 5.Nbd2 Nbd7 6.O-O e6 7.b3 Bd6 8.Bb2 
O-O 9.c4 Bf5 10.Qc2 Bxd3 11.Qxd3 Qe7 12.e4 dxe4 13.Nxe4 Ba3 14.Bc3 Rfd8 
15.Rad1 a5 16.Nxf6+ Nxf6 17.Ne5 a4 18.bxa4 Rxa4 19.Rb1 Bd6 20.Qc2 Ra7 21.
Rb2 Nd7 22.Nxd7 Qxd7 23.Rfb1 Be7 24.g3 Bf6 25.Rd1 h6 26.h4 b5 27.cxb5 cxb5
28.Qb1 Qc6 29.Rb3 Rd5 30.Ba1 Qd7 31.Rc1 Ra8 32.Rbc3 Bd8 33.Rc5 g6 34.Rc6 
h5 35.Bb2 Be7 36.Rc7 Qd8 37.Qc2 Kg7 38.Qc6 Rb8 39.Qa6 b4 1/2-1/2

[Event "zonal 2.5"]
[Site "Santiago de Chile CHI"]
[Date "1995.??.??"]
[Round "7"]
[White "Sanchez Almeyra, Jorge"]
[Black "Navarro, Nelson"]
[Result "1-0"]
[WhiteElo "2430"]
[BlackElo "2270"]
[EventDate "1995.??.??"]
[PlyCount "65"]

1.e4 c5 2.Nf3 d6 3.d4 cxd4 4.Nxd4 Nf6 5.Nc3 a6 6.Bg5 e6 7.f4 Be7 8.Qd3 
Nbd7 9.Be2 h6 10.Bh4 g5 11.fxg5 Ne5 12.Qd2 Nh7 13.Nf3 Ng6 14.Bg3 hxg5 15.
h3 Nf6 16.O-O-O g4 17.hxg4 Rxh1 18.Rxh1 Nxg4 19.Kb1 b5 20.Nd4 N4e5 21.Bh5 
Bg5 22.Qe1 Bb7 23.Nxe6 fxe6 24.Bxe5 dxe5 25.Bxg6+ Kd7 26.Qf2 Kc6 27.Bf7 
Qe7 28.Bxe6 Qxe6 29.Nd5 Bd8 30.Qd2 Kd7 31.Rh6 Qf7 32.Nb6+ Ke7 33.Qd6+ 1-0

[Event "zonal 2.5"]
[Site "Santiago de Chile CHI"]
[Date "1995.??.??"]
[Round "7"]
[White "Valiente, Cristobal"]
[Black "Izquierdo Saravia, Daniel"]
[Result "1-0"]
[WhiteElo "2335"]
[BlackElo "2320"]
[EventDate "1995.??.??"]
[PlyCount "99"]

1.e4 c6 2.d3 e5 3.Nf3 Nf6 4.g3 d6 5.Bg2 Be7 6.O-O Bg4 7.h3 Bh5 8.Qe1 Bxf3 
9.Bxf3 Nbd7 10.Nd2 O-O 11.Nc4 Re8 12.Ne3 Nc5 13.Bg2 a5 14.f4 Bf8 15.Qf2 
Qc7 16.Nf5 Ne6 17.Be3 exf4 18.gxf4 g6 19.Ng3 Bg7 20.d4 Nf8 21.c4 Re7 22.
Rae1 Rae8 23.e5 N6d7 24.Ne4 dxe5 25.fxe5 Nxe5 26.dxe5 Bxe5 27.Bb6 Qb8 28.
Bc5 f5 29.Bxe7 Rxe7 30.Qh4 Re6 31.Nf2 Bxb2 32.Rxe6 Nxe6 33.Re1 Qd6 34.c5 
Nxc5 35.Re8+ Kf7 36.Rd8 Qe7 37.Qxh7+ Bg7 38.Qg8+ Kf6 39.Rd1 Ne6 40.Re1 Qd6
41.Nd3 Ng5 42.Ne5 Qd2 43.Kf1 Qf4+ 44.Nf3 Ne4 45.Rd1 g5 46.Rd7 Qc1+ 47.Ne1 
Qf4+ 48.Bf3 Ng3+ 49.Kg2 Nh5 50.Qf7+ 1-0

[Event "zonal 2.5"]
[Site "Santiago de Chile CHI"]
[Date "1995.??.??"]
[Round "8"]
[White "Arancibia Guzman, Eduardo"]
[Black "Godoy Bugueno, David"]
[Result "1/2-1/2"]
[WhiteElo "2320"]
[BlackElo "2355"]
[EventDate "1995.??.??"]
[PlyCount "87"]

1.e4 e5 2.Nf3 Nc6 3.Bb5 a6 4.Ba4 Nf6 5.Qe2 b5 6.Bb3 Be7 7.O-O O-O 8.c3 d6 
9.Rd1 Na5 10.Bc2 c5 11.d4 Qc7 12.dxe5 dxe5 13.Nbd2 Bb7 14.Nf1 Rad8 15.Re1 
Rfe8 16.h3 c4 17.Bg5 Nh5 18.g3 Bxg5 19.Nxg5 Nf6 20.a4 Bc6 21.axb5 axb5 22.
Nf3 Nb7 23.Qe3 Bd7 24.g4 Nc5 25.Ng3 Bc8 26.Red1 Rxd1+ 27.Rxd1 Bb7 28.Nh4 
Ne6 29.Ng2 g6 30.Ra1 Ra8 31.Rxa8+ Bxa8 32.b4 cxb3 33.Bxb3 Nc5 34.Bc2 Na4 
35.Ne2 Nd7 36.Qd2 Ndc5 37.f3 Qb6 38.Kh2 Nb2 39.Bb3 Nc4 40.Bxc4 bxc4 41.Ne3
Nb3 42.Qd7 Qxe3 43.Qe8+ Kg7 44.Qxe5+ 1/2-1/2

[Event "zonal 2.5"]
[Site "Santiago de Chile CHI"]
[Date "1995.??.??"]
[Round "8"]
[White "Cortes Moyano, Julio"]
[Black "Valiente, Cristobal"]
[Result "1-0"]
[WhiteElo "2345"]
[BlackElo "2335"]
[EventDate "1995.??.??"]
[PlyCount "81"]

1.e4 c5 2.c3 d5 3.exd5 Qxd5 4.d4 Nf6 5.Nf3 e6 6.Be2 Be7 7.O-O O-O 8.Be3 
cxd4 9.Nxd4 a6 10.c4 Qd8 11.Qc2 g6 12.Nc3 Qc7 13.Rac1 Nbd7 14.Ne4 Nxe4 15.
Qxe4 Nc5 16.Bf4 Nxe4 17.Bxc7 Bd7 18.Rfd1 Rac8 19.Be5 f6 20.Nf5 gxf5 21.
Rxd7 Bc5 22.Bd4 Rfd8 23.Rxd8+ Rxd8 24.Bxc5 Nxc5 25.Rd1 Rxd1+ 26.Bxd1 a5 
27.Kf1 Kg7 28.Bc2 f4 29.Ke2 h6 30.Kd2 f5 31.a3 Kf6 32.b4 axb4 33.axb4 Na6 
34.Kc3 Ke5 35.c5 Kd5 36.Bb3+ Ke5 37.Kc4 Nc7 38.b5 Nd5 39.b6 Kf6 40.Ba4 Ke7
41.Bc6 1-0

[Event "zonal 2.5"]
[Site "Santiago de Chile CHI"]
[Date "1995.??.??"]
[Round "9"]
[White "Bauza Ortiz, Alejandro"]
[Black "Morovic Fernandez, Ivan"]
[Result "0-1"]
[WhiteElo "2265"]
[BlackElo "2575"]
[EventDate "1995.??.??"]
[PlyCount "62"]

1.Nf3 Nf6 2.g3 g6 3.b3 Bg7 4.Bb2 O-O 5.Bg2 d6 6.d4 Bg4 7.Nbd2 Qc8 8.h3 Bf5
9.Nh4 Bd7 10.e4 c5 11.d5 e6 12.Nc4 exd5 13.Nxd6 Qc7 14.e5 Ne4 15.O-O Bc6 
16.c4 Nxd6 17.exd6 Qxd6 18.Bxg7 Kxg7 19.cxd5 Bb5 20.Re1 Na6 21.Qd2 Rfe8 
22.Qc3+ Qf6 23.Qxf6+ Kxf6 24.a4 Rxe1+ 25.Rxe1 Re8 26.Rd1 Bd7 27.Bf1 Nb4 
28.Kh2 b6 29.Ng2 Re4 30.Bc4 Bxa4 31.Ne3 Rxc4 0-1

[Event "zonal 2.5"]
[Site "Santiago de Chile CHI"]
[Date "1995.??.??"]
[Round "9"]
[White "Bianchi, Guillermo"]
[Black "Izquierdo Saravia, Daniel"]
[Result "1/2-1/2"]
[WhiteElo "2425"]
[BlackElo "2320"]
[EventDate "1995.??.??"]
[PlyCount "63"]

1.e4 c6 2.c4 d5 3.exd5 cxd5 4.cxd5 Nf6 5.Bb5+ Bd7 6.Bc4 g6 7.Nc3 Bg7 8.Qb3
Qb6 9.Qxb6 axb6 10.Nge2 O-O 11.O-O Na6 12.d3 Nb4 13.Rd1 b5 14.Nxb5 Nfxd5 
15.Nbc3 Be6 16.Bg5 Nxc3 17.Nxc3 Bxc4 18.dxc4 Bxc3 19.bxc3 Nxa2 20.Bxe7 
Rfc8 21.g3 Rxc4 22.Bf6 Rca4 23.Rab1 R4a6 24.Be5 Re6 25.Rd5 Rae8 26.Bd4 Rc6
27.Rxb7 Nxc3 28.Re5 Rxe5 29.Bxe5 f6 30.Rb8+ Kg7 31.Rb7+ Kh6 32.Bxc3 
1/2-1/2

[Event "zonal 2.5"]
[Site "Santiago de Chile CHI"]
[Date "1995.??.??"]
[Round "9"]
[White "Godoy Bugueno, David"]
[Black "Navarro, Nelson"]
[Result "0-1"]
[WhiteElo "2355"]
[BlackElo "2270"]
[EventDate "1995.??.??"]
[PlyCount "82"]

1.e4 c5 2.Nf3 d6 3.d4 cxd4 4.Nxd4 Nf6 5.Nc3 a6 6.Bg5 e6 7.Qd3 Nc6 8.O-O-O 
Bd7 9.Be2 Rc8 10.Nxc6 Bxc6 11.f4 Be7 12.Bf3 O-O 13.g4 Qa5 14.f5 b5 15.Kb1 
Rfd8 16.fxe6 fxe6 17.Bd2 b4 18.Ne2 d5 19.exd5 Bxd5 20.Bxd5 Rxd5 21.Qe3 Re5
22.Qf3 Qc5 23.Ka1 Qd5 24.Qxd5 exd5 25.Ng3 Rxc2 26.Kb1 Rc4 27.h3 Ne4 28.Nf5
Bf6 29.Rhf1 g6 30.Bf4 gxf5 31.Bxe5 Bxe5 32.Rxf5 Bf6 33.Rdxd5 h6 34.Rd7 Bg5
35.b3 Rc1+ 36.Kb2 Re1 37.Ra5 Re2+ 38.Kb1 Nc3+ 39.Ka1 Re1+ 40.Kb2 Re2+ 41.
Ka1 Bc1 0-1

[Event "zonal 2.5"]
[Site "Santiago de Chile CHI"]
[Date "1995.??.??"]
[Round "9"]
[White "Peralta, Eduardo"]
[Black "Cortes Moyano, Julio"]
[Result "1-0"]
[WhiteElo "2275"]
[BlackElo "2345"]
[EventDate "1995.??.??"]
[PlyCount "151"]

1.Nf3 Nf6 2.c4 g6 3.g3 Bg7 4.Bg2 O-O 5.O-O d6 6.Nc3 e5 7.d3 Nc6 8.Rb1 h6 
9.b4 Qe7 10.b5 Nd8 11.Nd2 c6 12.a4 Be6 13.a5 Rc8 14.a6 bxa6 15.bxa6 Qc7 
16.Ba3 Ne8 17.Qa4 f5 18.Bb4 Qf7 19.Ba5 Nc7 20.Rb7 Nxb7 21.axb7 Rb8 22.Qxc6
Ne8 23.Rb1 e4 24.Qa6 Bd4 25.e3 Bb6 26.Bxb6 axb6 27.Qxb6 Qg7 28.Qa7 Rxb7 
29.Qxb7 Qxc3 30.Qb2 Qxb2 31.Rxb2 exd3 32.Bf1 Rf7 33.Bxd3 Rc7 34.f3 d5 35.
cxd5 Bxd5 36.e4 Be6 37.exf5 gxf5 38.Kf2 Kf7 39.Nf1 Rd7 40.Bb5 Rd8 41.Ne3 
Nf6 42.Ba4 Rd4 43.Bb5 f4 44.Ng2 fxg3+ 45.hxg3 Nd5 46.Bc6 Nb4 47.Bb5 Nd5 
48.Be2 Rb4 49.Rd2 Kf6 50.Ne1 Nc3 51.Nd3 Rb1 52.Nf4 Nxe2 53.Rxe2 Bf7 54.Rc2
Rb6 55.g4 Ra6 56.Kg3 Rd6 57.Rc5 Ra6 58.Ne2 Rd6 59.Nc3 Kg7 60.Ne4 Rd7 61.
Kf4 Bg6 62.Nc3 Bf7 63.Ra5 Bg6 64.Nd5 Bf7 65.Ne3 Bg6 66.Rc5 Re7 67.Nc4 Bf7 
68.Ne5 Kf6 69.Ke4 h5 70.Rc6+ Be6 71.gxh5 Kg5 72.f4+ Kxh5 73.f5 Bd7 74.Rd6 
Bxf5+ 75.Kxf5 Rg7 76.Rd1 1-0

[Event "zonal 2.5"]
[Site "Santiago de Chile CHI"]
[Date "1995.??.??"]
[Round "9"]
[White "Quiroga, Facundo"]
[Black "Soppe, Guillermo"]
[Result "0-1"]
[WhiteElo "2440"]
[BlackElo "2445"]
[EventDate "1995.??.??"]
[PlyCount "76"]

1.d4 d5 2.c4 c6 3.Nf3 Nf6 4.Nc3 dxc4 5.a4 Bg4 6.Ne5 Bh5 7.f3 Nfd7 8.Nxc4 
e5 9.Nxe5 Nxe5 10.dxe5 Nd7 11.f4 Bb4 12.Qd4 Qa5 13.Bd2 O-O-O 14.Ne4 Bxd2+ 
15.Qxd2 Qxd2+ 16.Nxd2 f6 17.Rg1 fxe5 18.g4 Bf7 19.f5 Nc5 20.Bh3 Kc7 21.b4 
Na6 22.Rb1 Rhe8 23.g5 Rd4 24.Rg4 Bh5 25.Re4 Red8 26.Rb2 Rxe4 27.Nxe4 Rd4 
28.g6 hxg6 29.Ng5 Rxb4 30.Ne6+ Kd6 31.Rd2+ Ke7 32.Nxg7 Nc5 33.fxg6 Bxg6 
34.Nf5+ Bxf5 35.Bxf5 Rxa4 36.e3 a5 37.Ke2 Rb4 38.Kf3 a4 0-1

[Event "zonal 2.5"]
[Site "Santiago de Chile CHI"]
[Date "1995.??.??"]
[Round "9"]
[White "Sanchez Almeyra, Jorge"]
[Black "Valerga, Diego"]
[Result "1/2-1/2"]
[WhiteElo "2430"]
[BlackElo "2465"]
[EventDate "1995.??.??"]
[PlyCount "55"]

1.e4 c6 2.d4 d5 3.exd5 cxd5 4.c4 Nf6 5.Nc3 e6 6.Nf3 Bb4 7.cxd5 Nxd5 8.Bd2 
O-O 9.Bd3 Nc6 10.O-O Be7 11.a3 Bf6 12.Qe2 Nxd4 13.Nxd4 Bxd4 14.Bxh7+ Kxh7 
15.Qe4+ Kg8 16.Qxd4 Nxc3 17.Qxc3 Bd7 18.Rad1 f6 19.Qg3 Rf7 20.Bc3 Rc8 21.
Rd6 Qc7 22.h3 Re8 23.Rfd1 e5 24.Qg6 Qc8 25.R1d2 Bf5 26.Qg3 Qc4 27.Qe3 b6 
28.Kh2 1/2-1/2

[Event "zonal 2.5"]
[Site "Santiago de Chile CHI"]
[Date "1995.??.??"]
[Round "9"]
[White "Valiente, Cristobal"]
[Black "Arancibia Guzman, Eduardo"]
[Result "1/2-1/2"]
[WhiteElo "2335"]
[BlackElo "2320"]
[EventDate "1995.??.??"]
[PlyCount "129"]

1.e4 c5 2.Nf3 d6 3.d4 cxd4 4.Nxd4 Nf6 5.Nc3 a6 6.Be2 e5 7.Nb3 Be7 8.O-O 
O-O 9.Bg5 Be6 10.Qd3 Nbd7 11.Kh1 b5 12.Rad1 Bc4 13.Qf3 Qc7 14.a3 Rfb8 15.
Nc1 a5 16.b3 Bxe2 17.N1xe2 b4 18.axb4 axb4 19.Na4 Rc8 20.Ng3 g6 21.Rd2 Ra6
22.Nb2 Qc3 23.Qe2 Rca8 24.Nd1 Qc7 25.h3 Ra1 26.Kh2 Kg7 27.Qe3 Nc5 28.f4 
Ne6 29.Rdf2 exf4 30.Bxf4 Qc5 31.Bh6+ Kg8 32.Qxc5 dxc5 33.Ne3 Rxf1 34.Rxf1 
Rd8 35.e5 Ne8 36.Rd1 Rxd1 37.Nxd1 f5 38.exf6 Bd6 39.h4 Nxf6 40.Kh3 Nd4 41.
Ne3 Kf7 42.Bg5 h5 43.Bxf6 Kxf6 44.Ne4+ Ke5 45.Ng5 Nb5 46.Nc4+ Kd5 47.Nf7 
Be7 48.Nfe5 g5 49.hxg5 Bxg5 50.g4 hxg4+ 51.Kxg4 Bf6 52.Nd3 Na3 53.Nb6+ Kc6
54.Nxc5 Kxc5 55.Nd7+ Kd4 56.Nxf6 Nxc2 57.Kf3 Na1 58.Ke2 Nxb3 59.Kd1 Nc5 
60.Kc2 Kc4 61.Ng4 b3+ 62.Kb1 Kc3 63.Nf2 Kb4 64.Nd1 Ne4 65.Ne3 1/2-1/2

[Event "zonal 2.5"]
[Site "Santiago de Chile CHI"]
[Date "1995.??.??"]
[Round "10"]
[White "Cortes Moyano, Julio"]
[Black "Bianchi, Guillermo"]
[Result "1-0"]
[WhiteElo "2345"]
[BlackElo "2425"]
[EventDate "1995.??.??"]
[PlyCount "85"]

1.e4 e5 2.Nf3 Nc6 3.Bb5 Bc5 4.O-O Nd4 5.Nxd4 Bxd4 6.c3 Bb6 7.d4 c6 8.Ba4 
d6 9.Na3 Nf6 10.Bg5 h6 11.Bxf6 Qxf6 12.d5 Bd7 13.dxc6 bxc6 14.Nc4 Ke7 15.
Qd3 Rhd8 16.Rad1 Be8 17.Kh1 Bc7 18.Ne3 Kf8 19.b4 a6 20.Bb3 g6 21.a4 Qh4 
22.g3 Qh3 23.a5 Ra7 24.f4 d5 25.f5 d4 26.Ng2 g5 27.Qc4 Bd6 28.cxd4 Re7 29.
d5 cxd5 30.Qxd5 Rc7 31.Rc1 Qg4 32.Rxc7 Bxc7 33.Qc4 Bb8 34.Ne3 Qh5 35.Bd1 
Rxd1 36.Nxd1 Bb5 37.Qc8+ Kg7 38.f6+ Kh7 39.Qf8 Qg6 40.Rf5 Bc6 41.Nc3 Bd6 
42.Qc8 Bc7 43.Qxc7 1-0

[Event "zonal 2.5"]
[Site "Santiago de Chile CHI"]
[Date "1995.??.??"]
[Round "10"]
[White "Izquierdo Saravia, Daniel"]
[Black "Quiroga, Facundo"]
[Result "1-0"]
[WhiteElo "2320"]
[BlackElo "2440"]
[EventDate "1995.??.??"]
[PlyCount "66"]

1.d4 d6 2.e4 Nf6 3.Nc3 g6 4.f4 Bg7 5.Nf3 O-O 6.Be2 c6 7.O-O Bg4 8.Be3 Nbd7
9.Nd2 Bxe2 10.Qxe2 b5 11.a4 b4 12.Nd1 c5 13.d5 Rc8 14.Nf2 Ne8 15.Rab1 e6 
16.b3 Ndf6 17.dxe6 fxe6 18.Rbd1 Qc7 19.g4 Qe7 20.Nc4 d5 21.e5 dxc4 22.exf6
Nxf6 23.Qxc4 Kh8 24.Rfe1 Nd5 25.Bc1 Qf7 26.Nd3 h5 27.Ne5 Bxe5 28.Rxe5 hxg4
29.Rf1 Qd7 30.Qe4 Rf6 31.Rd1 Kg8 32.Bb2 Rf5 33.Rxe6 Rxf4 1-0

[Event "zonal 2.5"]
[Site "Santiago de Chile CHI"]
[Date "1995.??.??"]
[Round "10"]
[White "Morovic Fernandez, Ivan"]
[Black "Godoy Bugueno, David"]
[Result "1-0"]
[WhiteElo "2575"]
[BlackElo "2355"]
[EventDate "1995.??.??"]
[PlyCount "55"]

1.d4 Nf6 2.c4 d6 3.Nc3 Nbd7 4.Nf3 c6 5.e4 e5 6.Be2 Be7 7.O-O a6 8.Rb1 b5 
9.b4 Qc7 10.a4 O-O 11.axb5 cxb5 12.dxe5 dxe5 13.c5 Bb7 14.Bg5 Rfe8 15.Qc2 
Bc6 16.Nd2 Nf8 17.Bxf6 Bxf6 18.Nd5 Qb7 19.Rfd1 Bd8 20.Nb3 Ne6 21.Qc3 Ng5 
22.Qe3 f5 23.Na5 f4 24.Nxb7 fxe3 25.Nxd8 exf2+ 26.Kf1 Bxd5 27.exd5 Rexd8 
28.d6 1-0